Statistics for Asian Countries by Endonyms

Click here to take the quiz!

General Stats

  • This quiz has been taken 8 times
  • The average score is 25 of 48

Answer Stats

HintAnswer% Correct
IndiaBharôt/India/Bhārat/Bhārata/Bhāratam/Bhāratadēsam
86%
SingaporeSingapura/Singapore/Xīnjiāpō/Singapur
86%
VietnamViet Nam
86%
ArmeniaHayastán
71%
LaosLao
71%
MyanmarMyanma
71%
NepalNepāl
71%
JapanNihon/Nippon
71%
Sri LankaSri Lankā
71%
ThailandThai/Prathet Thai/Ratcha-anachak Thai
71%
TurkeyTürkiye
71%
ChinaZhōngguó
71%
TaiwanZhōnghuá Mínguó/Táiwān
71%
AfghanistanAfghanestan
57%
BahrainAl-Baḥrayn
57%
JordanAl-’Urdun
57%
BangladeshBangladesh
57%
BruneiBrunei
57%
North KoreaChosŏn/Bukchosŏn
57%
IndonesiaIndonesia
57%
IranĪrān
57%
CambodiaKămpŭchéa
57%
KyrgyzstanKyrgyzstan/Kirgizija
57%
MalaysiaMalaysia
57%
PakistanPākistān
57%
KazakhstanQazaqstan/Kazakhstán
57%
GeorgiaSak'art'velo
57%
East TimorTimor Lorosa'e/Timor-Leste
57%
IraqAl-'Iraq/Êraq
43%
YemenAl-Yaman
43%
AzerbaijanAzərbaycan
43%
MaldivesDhivehi Raajje
43%
BhutanDruk Yul
43%
CyprusKypros/Kıbrıs
43%
LebanonLubnān/Liban
43%
UzbekistanO‘zbekiston
43%
PhilippinesPilipinas/Philippines
43%
QatarQaṭar
43%
TurkmenistanTürkmenistan
43%
Oman'Umān
43%
IsraelYisra'el/Israʼiyl
43%
South KoreaHanguk/Namhan
29%
MongoliaMongol Uls
29%
SyriaSuriyah
29%
TajikistanTojikistan
29%
United Arab EmiratesAl-’Imārat Al-‘Arabiyyah Al-Muttaḥidah
14%
Saudi ArabiaAl-Mamlaka Al-‘Arabiyyah as Sa‘ūdiyyah
14%
KuwaitDawlat ul-Kuwayt/il-ikwet
14%

Score Distribution

Percentile by Number Answered

Percent of People with Each Score

Your Score History

You have not taken this quiz